Foreign direct investment in India: emerging horizon (Record no. 81740)

000 -LEADER
fixed length control field 01416pab a2200193 454500
008 - FIXED-LENGTH DATA ELEMENTS--GENERAL INFORMATION
fixed length control field 180718b2007 xxu||||| |||| 00| 0 eng d
100 ## - MAIN ENTRY--PERSONAL NAME
Personal name Archana, Vani
245 ## - TITLE STATEMENT
Title Foreign direct investment in India: emerging horizon
260 ## - PUBLICATION, DISTRIBUTION, ETC.
Date of publication, distribution, etc. 2007
300 ## - PHYSICAL DESCRIPTION
Extent p.255-66.
362 ## - DATES OF PUBLICATION AND/OR SEQUENTIAL DESIGNATION
Dates of publication and/or sequential designation Jul-Dec
520 ## - SUMMARY, ETC.
Summary, etc. It has been more than ten years since India embarked on a bold new policy on economic front. In these fourteen odd years there has been progress in both quantity and the way country attracted FDI. There has been a paradigm shift in the flow of FDI and consequent evolution of the country into a low cost, high-tech, R&D intensive behemoth which can not only sustain R&D-intensive industries but also show significant growth in both quality and quantity. This paper intends to study this qualitative shift in the FDI inflow in India in-depth. It reveals that the country is not only cost-effective but also hot destination for R&D activities. Two models appropriate for the study have been made use of. While Panel Data model gives a holistic view, Seemingly Unrelated Regression (SUR) model gives a more detailed view of the changes taking place in the FDI space in India. Results are in conformity with changes taking place at ground level. - Reproduced.
650 ## - SUBJECT ADDED ENTRY--TOPICAL TERM
Topical term or geographic name entry element Foreign investment
700 ## - ADDED ENTRY--PERSONAL NAME
Personal name Basu, P.
700 ## - ADDED ENTRY--PERSONAL NAME
Personal name Nayak, N.C.
773 ## - HOST ITEM ENTRY
Main entry heading Indian Economic Review
908 ## - PUT COMMAND PARAMETER (RLIN)
Put command parameter N
909 ## -
-- 81740
Holdings
Withdrawn status Lost status Damaged status Not for loan Permanent Location Current Location Date acquired Serial Enumeration / chronology Barcode Date last seen Price effective from Koha item type
        Indian Institute of Public Administration Indian Institute of Public Administration 2018-07-19 Volume no: 42, Issue no: 2 AR82200 2018-07-19 2018-07-19 Articles

Powered by Koha